Statistics for Richard Attenborough Filmography

Click here to take the quiz!

General Stats

  • This quiz has been taken 40 times
    (27 since last reset)
  • The average score is 29 of 131

Answer Stats

TypeYearName% Correct
Film1993Jurassic Park
100%
Film1994Miracle on 34th Street
78%
Director | Production1982Gandhi
67%
Film1947Brighton Rock
56%
Film1965The Flight of the Phoenix
56%
Film1997The Lost World: Jurassic Park
56%
Director | Film1977A Bridge Too Far
33%
Film1974And Then There Were None
33%
Film1970A Severed Head
33%
Film1957Brothers in Law
33%
Film1947Dancing with Crime
33%
Film1967Doctor Dolittle
33%
Film1958Dunkirk
33%
Film1954Eight O'Clock Walk
33%
Film1964Guns at Batasi
33%
Film1959I'm All Right Jack
33%
Film1942In Which We Serve
33%
Film1959Jet Storm
33%
Film2015Jurassic World
33%
Film1950Morning Departure
33%
Film1962Only Two Can Play
33%
Film1956Private's Progress
33%
Film | Production1964Séance on a Wet Afternoon
33%
Film1958Sea of Sand
33%
Film1959SOS Pacific
33%
Film | Production1960The Angry Silence
33%
Film1956The Baby and the Battleship
33%
Film1963The Great Escape
33%
Film1948The Guinea Pig
33%
Film1960The League of Gentlemen
33%
Film1958The Man Upstairs
33%
Film1966The Sand Pebbles
33%
Film1957The Scamp
33%
Production1961Whistle Down the Wind
33%
Film197110 Rillington Place
22%
Director1985A Chorus Line
22%
Film1949Boys in Brown
22%
Film1975Brannigan
22%
Director | Production1992Chaplin
22%
Director | Production2007Closing the Ring
22%
Film1975Conduct Unbecoming
22%
Director | Production1987Cry Freedom
22%
Film1959Danger Within
22%
Film1952Gift Horse
22%
Film1996Hamlet
22%
Director | Production1996In Love and War
22%
Film1945Journey Together
22%
Film1948London Belongs to Me
22%
Film1970Loot
22%
Director1978Magic
22%
Director | Production1969Oh! What a Lovely War
22%
Film1968Only When I Larf
22%
TV Documentary2014Richard Attenborough: A Life
22%
Film1975Rosebud
22%
Film1968The Bliss of Mrs. Blossom
22%
Film1962The Dock Brief
22%
Film1979The Human Factor
22%
Film1970The Last Grenade
22%
TV Film1961The Lemoine Affair
22%
Film1969The Magic Christian
22%
Film1955The Ship That Died of Shame
22%
Film1960Upgreen - And at 'Em
22%
TV Special1970A Birthday Gala Tribute Noel Coward
11%
Film1962All Night Long
11%
Film1946A Matter of Life and Death
11%
TV Show2007BBC Proms
11%
TV Show1950BBC Sunday-Night Theatre
11%
Short Documentary2006Big
11%
Documentary1972Cup Glory
11%
TV Film1970David Copperfield
11%
TV Show1969Dee Time
11%
Film1998Elizabeth
11%
Film1996E=mc2
11%
Film1952Father's Doing Fine
11%
TV Show1963-1964Gala Performance
11%
TV Show1993Great Performances
11%
Director | Production1999Grey Owl
11%
Film1951Hell Is Sold Out
11%
TV Show1999It's Itsy Bitsy Time
11%
TV Mini-Series2001Jack and the Beanstalk: The Real Story
11%
TV Documentary1973Jack Hawkins
11%
Film1999Joseph and the Amazing Technicolor Dreamcoat
11%
Video Game1997Jurassic Park: Chaos Island
11%
Video Game1998Jurassic Park: Trespasser
11%
TV Documentary2002Life on Air: David Attenborough's 50 Years in Television
11%
TV Show2000Masterpiece Classic
11%
Documentary1986Mother Teresa
11%
Documentary Series1985National Geographic Explorer
11%
Film2002Puckoon
11%
Documentary2014Richard Attenborough: A Life in Film
11%
Documentary2003Richard Attenborough: The Actors' Director
11%
Film1946School for Secrets
11%
Film1943Schweik's New Adventures
11%
Director | Production1993Shadowlands
11%
Film1977Shatranj Ke Khilari
11%
Documentary1984Shivas Disciples
11%
Theater1952Sweet Madness
11%
TV Special1999The BBC and the BAFTA Lifetime Achievement Tribute to Richard Attenborough
11%
TV Documentary2000The Children Who Cheated the Nazis
11%
Film1944The Hundred Pound Window
11%
Film1949The Lost People
11%
Production1962The L-Shaped Room
11%
Film1951The Magic Box
11%
TV Documentary1983The Making of Gandhi: Mr. Attenborough and Mr. Gandhi
11%
Film1947The Man Within
11%
TV Show1968The Merv Griffin Show
11%
TV Show1972, 1977The Mike Douglas Show
11%
Theater1952-1954The Mousetrap
11%
TV Film2000The Railway Children
11%
Theater1957The Rape of the Belt
11%
TV Show1999The Tom Green Show
11%
Documentary Series1984The World About Us
11%
Documentary Mini-Series1960-1961They Made History
11%
Short Film1945Think It Over
11%
Documentary Series1962-2001This Is Your Life
11%
Theater1950To Dorothy, a Son
11%
TV Show1998Tom and Vicky
11%
TV Show1953Why?
11%
Film | Production1972Young Winston
11%

Score Distribution

Percentile by Number Answered

Percent of People with Each Score

Your Score History

You have not taken this quiz since the last reset